000 00773nam a2200265Ia 4500
005 20260302114806.0
008 008 260114s9999 xx 000 0 eng d
020 _a9781611463965
037 _aTextbook
040 _aCRL
040 _beng
040 _cCRL
041 _2eng
041 _aeng
084 _qCRL
100 _aJennifer Jahner & Ingrid Nelson
_91119772
245 0 _aGender, Poetry, and the Form of Thought in Later Medieval Literature Essays in Honor of Elizabeth A. Robertson
260 _bBloomsbury
260 _bLehigh University Press
260 _c2022
650 _aLiterary Studies
856 _uhttps://doi.org/10.5040/9781611463965?locatt=label:secondary_bloomsburyCollections
942 _cEBOOK
999 _c1683852
_d1683852